[Event "NOR-ch 2018"]
[Site "Moss"]
[Date "2018.07.07"]
[Round "2"]
[White "Kvendseth, Thyra"]
[Black "Munk, Julian"]
[Result "0-1"]
[WhiteElo "1952"]
[BlackElo "1685"]
[Annotator "NA"]
[PlyCount "74"]
[EventDate "2018.07.06"]
[EventCountry "NOR"]
[SourceTitle "playchess.com"]
[Source "ChessBase"]
[SourceQuality "1"]

1. d4 Nf6 2. c4 g6 3. Nf3 Bg7 4. g3 O-O 5. Bg2 d6 6. O-O c6 7. Nc3 Qc7 8. Qc2 e5 9. Rd1 Re8 10. dxe5 dxe5 11. e4 Be6 12. b3 Na6 13. Bb2 b5 14. cxb5 cxb5 15. Qe2 Qb6 16. Qxb5 Qxb5 17. Nxb5 Bg4 18. Rd6 Rab8 19. Rxa6 Rxb5 20. Rxa7 Nxe4 21. Re1 Nd6 22. Ng5 e4 23. Bxg7 Kxg7 24. Ra6 Rxg5 25. Rxd6 Ra5 26. Rd2 Bf5 27. Re3 Rea8 28. a4 Rb8 29. Ra2 Rd5 30. Ra1 Rd3 31. a5 Rbd8 32. Rxd3 exd3 33. Bf3 d2 34. b4 Re8 35. Rd1 Bh3 36. Rf1 Re1 37. Bg2 Rxf1+ 0-1

[Event "NOR-ch 2018"]
[Site "Moss"]
[Date "2018.07.07"]
[Round "2"]
[White "Sebastian, Andreas"]
[Black "Risting, Eivind Olav"]
[Result "0-1"]
[WhiteElo "1936"]
[BlackElo "2317"]
[Annotator "NA"]
[PlyCount "56"]
[EventDate "2018.07.06"]
[EventCountry "NOR"]
[SourceTitle "playchess.com"]
[Source "ChessBase"]
[SourceQuality "1"]

1. c4 e5 2. Nc3 Nc6 3. Nf3 Nf6 4. a3 g6 5. d4 exd4 6. Nxd4 Bg7 7. Nxc6 bxc6 8. g3 O-O 9. Bg2 Ng4 10. O-O Ne5 11. Qa4 d6 12. Bf4 Rb8 13. Bxe5 Bxe5 14. Bxc6 Rxb2 15. Rac1 Bh3 16. Rfe1 Bxc3 17. Rxc3 Qf6 18. Rd3 Qe5 19. Bf3 Qc5 20. Rd5 Qb6 21. Rb5 Rxb5 22. cxb5 Bd7 23. Bc6 Bxc6 24. bxc6 Re8 25. e3 Re5 26. Rc1 Rxe3 27. Rc4 Rf3 28. Rd4 Qb2 0-1

[Event "NOR-ch 2018"]
[Site "Moss"]
[Date "2018.07.07"]
[Round "2"]
[White "Enersen, Eirik S"]
[Black "Lund, Gunnar"]
[Result "0-1"]
[WhiteElo "1916"]
[BlackElo "2216"]
[Annotator "NA"]
[PlyCount "106"]
[EventDate "2018.07.06"]
[EventCountry "NOR"]
[SourceTitle "playchess.com"]
[Source "ChessBase"]
[SourceQuality "1"]

1. e4 d6 2. d4 Nf6 3. Nc3 g6 4. f3 Bg7 5. Be3 c6 6. Bc4 d5 7. exd5 b5 8. Bd3 b4 9. Nce2 Nxd5 10. Bc1 O-O 11. Bc4 Re8 12. Ng3 e5 13. dxe5 Bxe5 14. N1e2 Qh4 15. f4 Nxf4 16. Bxf7+ Kxf7 17. Bxf4 Bxf4 18. O-O g5 19. Nxf4 gxf4 20. Qd4 Kg8 21. Rxf4 Qd8 22. Qxb4 Qb6+ 23. Kh1 Qxb4 24. Rxb4 a5 25. Rf4 Rf8 26. Re4 Bf5 27. Re7 Bxc2 28. Rc1 Bg6 29. Rc5 Re8 30. Nf5 Nd7 31. Nh6+ Kf8 32. Rxe8+ Rxe8 33. Rc1 Re2 34. Kg1 Be4 35. Rf1+ Ke8 36. Rf2 Re1+ 37. Rf1 Rxf1+ 38. Kxf1 Bd5 39. a3 Be6 40. Kf2 Ne5 41. b4 axb4 42. axb4 Nd3+ 43. Ke3 Nxb4 44. Kd4 Kd7 45. g4 Kd6 46. h4 c5+ 47. Ke4 c4 48. h5 c3 49. Ke3 Nd5+ 50. Kd3 Nf6 51. Kxc3 Nxg4 52. Nxg4 Bxg4 53. h6 Ke5 0-1

[Event "NOR-ch 2018"]
[Site "Moss"]
[Date "2018.07.07"]
[Round "2"]
[White "Gronn, Embla Ekeland"]
[Black "Mansoor, Afras"]
[Result "0-1"]
[WhiteElo "1690"]
[BlackElo "1973"]
[Annotator "NA"]
[PlyCount "78"]
[EventDate "2018.07.06"]
[EventCountry "NOR"]
[SourceTitle "playchess.com"]
[Source "ChessBase"]
[SourceQuality "1"]

1. d4 Nf6 2. Nc3 g6 3. e4 d6 4. Nf3 Bg7 5. Be2 O-O 6. O-O Nc6 7. h3 e5 8. dxe5 dxe5 9. Qxd8 Rxd8 10. Be3 h6 11. Rad1 Be6 12. a3 Ne8 13. Bb5 Nd4 14. Bxd4 exd4 15. Na4 Nd6 16. Bd3 b6 17. e5 Nc4 18. Rfe1 c5 19. b3 Na5 20. b4 cxb4 21. axb4 Nc4 22. Bxc4 Bxc4 23. Rxd4 Rxd4 24. Nxd4 Re8 25. f4 g5 26. g3 Bf8 27. c3 gxf4 28. gxf4 Rc8 29. Rc1 Bd5 30. Rd1 Kh7 31. Kf2 Bb7 32. Rd3 Ba6 33. Rg3 Rd8 34. Nb3 Bc4 35. Nc1 Bb5 36. Nb2 Rd2+ 37. Ke3 Rxb2 38. Nd3 Bxd3 39. Kxd3 Bxb4 0-1

[Event "NOR-ch 2018"]
[Site "Moss"]
[Date "2018.07.08"]
[Round "3"]
[White "Hammer, Jon Ludvig"]
[Black "Tari, Aryan"]
[Result "1-0"]
[WhiteElo "2631"]
[BlackElo "2615"]
[Annotator "ChessBase"]
[PlyCount "111"]
[EventDate "2018.07.06"]
[EventCountry "NOR"]
[SourceTitle "playchess.com"]
[Source "ChessBase"]
[SourceQuality "1"]

1. c4 g6 2. e4 e5 3. d4 Nf6 4. Nf3 exd4 5. e5 Bb4+ 6. Bd2 Qe7 7. Bxb4 Qxb4+ 8. Qd2 Qxd2+ 9. Nbxd2 Nh5 10. Nxd4 Nc6 11. N2f3 b6 12. Nb5 Kd8 13. Kd2 Bb7 14. Re1 Re8 15. Rg1 f5 16. g3 Ng7 17. Bg2 Ne6 18. Nfd4 a6 19. Nxe6+ dxe6 20. Bxc6 Bxc6 21. Nd4 Bb7 22. b4 Ke7 23. Kc3 Rad8 24. Rd1 Rd7 25. Rd2 Rdd8 26. Rgd1 f4 27. a4 Rf8 28. b5 axb5 29. axb5 fxg3 30. fxg3 g5 31. Kb4 g4 32. Nc6+ Bxc6 33. bxc6 Rxd2 34. Rxd2 Rd8 35. Ra2 Rd1 36. Ra7 Rb1+ 37. Kc3 Rc1+ 38. Kd3 Rd1+ 39. Ke3 Rc1 40. Kd3 Rd1+ 41. Kc2 Re1 42. Rxc7+ Kd8 43. Rxh7 Rxe5 44. Kd3 Rc5 45. Rg7 Rh5 46. Rxg4 Rxh2 47. Rg7 Rh5 48. g4 Rc5 49. c7+ Kc8 50. g5 Kb7 51. g6 Rg5 52. Ke4 Rc5 53. c8=Q+ Kxc8 54. Rf7 Rxc4+ 55. Ke5 Rg4 56. g7 1-0

[Event "NOR-ch 2018"]
[Site "Moss"]
[Date "2018.07.08"]
[Round "3"]
[White "Agdestein, Simen"]
[Black "Gronn, Atle"]
[Result "1/2-1/2"]
[WhiteElo "2581"]
[BlackElo "2352"]
[Annotator "ChessBase"]
[PlyCount "86"]
[EventDate "2018.07.06"]
[EventCountry "NOR"]
[SourceTitle "playchess.com"]
[Source "ChessBase"]
[SourceQuality "1"]

1. d4 d5 2. c4 c6 3. Nc3 Nf6 4. Nf3 dxc4 5. a4 e6 6. e3 c5 7. Bxc4 Nc6 8. O-O cxd4 9. exd4 Be7 10. Bg5 O-O 11. Qd2 Nb4 12. Ne5 Nfd5 13. Bxe7 Qxe7 14. f4 Rd8 15. Rac1 f6 16. Nf3 Qd6 17. g3 Bd7 18. Ne4 Qf8 19. Nc5 b6 20. Nxd7 Rxd7 21. Rfe1 Qd6 22. Qe2 Re7 23. Nh4 Rae8 24. Qf3 g6 25. Qe4 Kf7 26. Bb3 Rd8 27. Nf3 Rdd7 28. h4 Rc7 29. h5 Rxc1 30. Rxc1 Rc7 31. Re1 Nc6 32. hxg6+ hxg6 33. Nd2 Nce7 34. Kf2 Rc6 35. Qd3 Nb4 36. Qe4 f5 37. Qe3 Nc2 38. Bxc2 Rxc2 39. Kg1 Nd5 40. Qd3 Nb4 41. Qe3 Nd5 42. Qd3 Nb4 43. Qe3 Nd5 1/2-1/2

[Event "NOR-ch 2018"]
[Site "Moss"]
[Date "2018.07.08"]
[Round "3"]
[White "Christiansen, Johan-Sebastian"]
[Black "Urkedal, Frode Olav Olsen"]
[Result "1/2-1/2"]
[WhiteElo "2506"]
[BlackElo "2552"]
[Annotator "ChessBase"]
[PlyCount "35"]
[EventDate "2018.07.06"]
[EventCountry "NOR"]
[SourceTitle "playchess.com"]
[Source "ChessBase"]
[SourceQuality "1"]

1. e4 e5 2. Nf3 Nc6 3. d4 exd4 4. Bc4 Nf6 5. O-O Nxe4 6. Re1 d5 7. Bxd5 Qxd5 8. Nc3 Qd7 9. Nxe4 Be7 10. Bg5 O-O 11. Bxe7 Qxe7 12. Nxd4 Bd7 13. Nc3 Qd8 14. Nb3 Bf5 15. Qe2 Qf6 16. Rad1 Qg6 17. Rd2 f6 18. Qb5 1/2-1/2

[Event "NOR-ch 2018"]
[Site "Moss"]
[Date "2018.07.08"]
[Round "3"]
[White "Elsness, Frode"]
[Black "Hole, Oystein"]
[Result "1/2-1/2"]
[WhiteElo "2468"]
[BlackElo "2324"]
[Annotator "ChessBase"]
[PlyCount "76"]
[EventDate "2018.07.06"]
[EventCountry "NOR"]
[SourceTitle "playchess.com"]
[Source "ChessBase"]
[SourceQuality "1"]

1. d4 d5 2. c4 c6 3. Nc3 Nf6 4. e3 e6 5. Nf3 Nbd7 6. Qc2 Bd6 7. Be2 O-O 8. O-O b6 9. b3 Bb7 10. Bb2 Qe7 11. Rfe1 Rac8 12. e4 dxe4 13. Nxe4 Nxe4 14. Qxe4 Nf6 15. Qc2 Bb4 16. Red1 Ba3 17. Bxa3 Qxa3 18. c5 Ba6 19. Bxa6 Qxa6 20. b4 Rfd8 21. Rab1 bxc5 22. bxc5 Rb8 23. h3 h6 24. Ne5 Nd5 25. Rb3 Rxb3 26. Qxb3 Ne7 27. Rb1 Rxd4 28. Qb8+ Kh7 29. Nxf7 Qe2 30. Qh8+ Kg6 31. Qe8 Rd1+ 32. Rxd1 Qxd1+ 33. Kh2 Qd4 34. Nd6+ Kh7 35. Qf7 Nf5 36. Qxe6 Qf4+ 37. Kg1 Qc1+ 38. Kh2 Qf4+ 1/2-1/2

[Event "NOR-ch 2018"]
[Site "Moss"]
[Date "2018.07.08"]
[Round "3"]
[White "Johannessen, Leif Erlend"]
[Black "Haldorsen, Benjamin"]
[Result "0-1"]
[WhiteElo "2462"]
[BlackElo "2423"]
[Annotator "ChessBase"]
[PlyCount "111"]
[EventDate "2018.07.06"]
[EventCountry "NOR"]
[SourceTitle "playchess.com"]
[Source "ChessBase"]
[SourceQuality "1"]

1. d4 d5 2. c4 e6 3. Nf3 Nf6 4. e3 c6 5. b3 Nbd7 6. Bd3 Bb4+ 7. Nbd2 O-O 8. O-O Qe7 9. Bb2 Ba3 10. Bxa3 Qxa3 11. e4 dxe4 12. Nxe4 c5 13. dxc5 Nxe4 14. Bxe4 Qxc5 15. Re1 Nf6 16. Qe2 a5 17. Rad1 a4 18. Ne5 axb3 19. axb3 Ra3 20. Bc2 b6 21. Rd3 Bb7 22. Rh3 g6 23. Qd2 Ra2 24. Qf4 Rxc2 25. Qxf6 Qd4 26. Rg3 Re2 27. Re3 Rxe3 28. fxe3 Qb2 29. e4 Bxe4 30. Qg5 f6 31. Qg3 Qd4+ 32. Qe3 Qxe5 33. Qxe4 Qxe4 34. Rxe4 Kf7 35. Kf2 e5 36. Re2 Rd8 37. Ke3 f5 38. Ra2 e4 39. b4 Rd3+ 40. Ke2 Ke6 41. Ra6 Rd6 42. Ra7 Rc6 43. Rb7 Ke5 44. Kd2 Rxc4 45. Rxb6 f4 46. Rb7 h5 47. Re7+ Kf6 48. Rb7 Kf5 49. Rb6 g5 50. h3 f3 51. gxf3 exf3 52. Ke3 Rc3+ 53. Kf2 g4 54. hxg4+ hxg4 55. Rb8 Rc2+ 56. Kf1 0-1

[Event "NOR-ch 2018"]
[Site "Moss"]
[Date "2018.07.08"]
[Round "3"]
[White "Holm, Kristian Stuvik"]
[Black "Hauge, Lars Oskar"]
[Result "1/2-1/2"]
[WhiteElo "2453"]
[BlackElo "2434"]
[Annotator "ChessBase"]
[PlyCount "34"]
[EventDate "2018.07.06"]
[EventCountry "NOR"]
[SourceTitle "playchess.com"]
[Source "ChessBase"]
[SourceQuality "1"]

1. Nf3 Nf6 2. g3 g6 3. b3 b6 4. Bb2 Bg7 5. Bg2 Bb7 6. c4 O-O 7. O-O c5 8. Nc3 d5 9. Nxd5 Nxd5 10. Bxg7 Kxg7 11. cxd5 Qxd5 12. d4 Na6 13. Nh4 Qd7 14. dxc5 Qxd1 15. Rfxd1 Bxg2 16. Nxg2 Nxc5 17. Ne3 Rfd8 1/2-1/2

[Event "NOR-ch 2018"]
[Site "Moss"]
[Date "2018.07.08"]
[Round "3"]
[White "Ostenstad, Berge"]
[Black "Notkevich, Benjamin Arvola"]
[Result "0-1"]
[WhiteElo "2447"]
[BlackElo "2471"]
[Annotator "ChessBase"]
[PlyCount "128"]
[EventDate "2018.07.06"]
[EventCountry "NOR"]
[SourceTitle "playchess.com"]
[Source "ChessBase"]
[SourceQuality "1"]

1. c4 e5 2. g3 Nf6 3. Bg2 d5 4. cxd5 Nxd5 5. Nc3 Nb6 6. Nf3 Nc6 7. O-O Be7 8. a3 a5 9. d3 O-O 10. b3 f5 11. Bb2 Bf6 12. Nd2 Nd4 13. e3 Ne6 14. Qc2 Nc5 15. Nd5 Nxd5 16. Qxc5 c6 17. e4 Nc7 18. Qc2 Nb5 19. Nf3 Re8 20. a4 Nc7 21. Rfd1 Qe7 22. d4 exd4 23. e5 Bxe5 24. Re1 Qd6 25. Ba3 Qf6 26. Qc5 b6 27. Qxb6 Nd5 28. Qc5 Bd7 29. Nxe5 Rxe5 30. Rxe5 Qxe5 31. Bb2 f4 32. Bxd4 Qe6 33. Bb2 Nb4 34. Qc3 Qf7 35. Re1 fxg3 36. hxg3 Rf8 37. f4 Bf5 38. Bf1 h6 39. Bc4 Nd5 40. Qxa5 Kh7 41. Qd2 Qg6 42. Qg2 Re8 43. Be5 Nf6 44. a5 Rd8 45. Bxf6 Qxf6 46. Qf3 Rd2 47. a6 Ra2 48. Re2 Qd4+ 49. Qf2 Ra1+ 50. Kh2 Be4 51. g4 Qd1 52. Kg3 Qh1 53. f5 h5 54. Kf4 Rf1 55. Qxf1 Qxf1+ 56. Kxe4 Qh1+ 57. Kf4 Qc1+ 58. Ke4 h4 59. a7 Qa3 60. Rh2 Kh6 61. Rxh4+ Kg5 62. Rh5+ Kxg4 63. Be2+ Kg3 64. Rg5+ Kf2 0-1

[Event "NOR-ch 2018"]
[Site "Moss"]
[Date "2018.07.08"]
[Round "3"]
[White "Djurhuus, Rune"]
[Black "Kaasen, Tor Fredrik"]
[Result "1-0"]
[WhiteElo "2438"]
[BlackElo "2396"]
[Annotator "ChessBase"]
[PlyCount "65"]
[EventDate "2018.07.06"]
[EventCountry "NOR"]
[SourceTitle "playchess.com"]
[Source "ChessBase"]
[SourceQuality "1"]

1. e4 c5 2. Nf3 d6 3. Nc3 Nc6 4. Bb5 Bd7 5. a4 Nf6 6. d3 a6 7. Bc4 e6 8. O-O Be7 9. Ba2 O-O 10. Ne2 b5 11. c3 bxa4 12. Bb1 Na5 13. Nd2 Rb8 14. Bc2 c4 15. dxc4 Qc7 16. Bxa4 Nxc4 17. Nxc4 Qxc4 18. Nd4 Rfd8 19. Re1 Rb6 20. Bc2 Qc7 21. Bd3 Bc8 22. Qe2 g6 23. h3 e5 24. Nc2 a5 25. Ne3 d5 26. Nxd5 Nxd5 27. exd5 Rxd5 28. Bc4 Rd8 29. Rxa5 Rxb2 30. Qxe5 Bd6 31. Qf6 Rd7 32. Bh6 Bf8 33. Bxf8 1-0

[Event "NOR-ch 2018"]
[Site "Moss"]
[Date "2018.07.08"]
[Round "3"]
[White "Vestby-Ellingsen, Mads"]
[Black "Hobber, Anders"]
[Result "1/2-1/2"]
[WhiteElo "2429"]
[BlackElo "2312"]
[Annotator "ChessBase"]
[PlyCount "102"]
[EventDate "2018.07.06"]
[EventCountry "NOR"]
[SourceTitle "playchess.com"]
[Source "ChessBase"]
[SourceQuality "1"]

1. d4 d5 2. c4 c6 3. Nf3 Nf6 4. Qc2 g6 5. Bf4 Bg7 6. e3 O-O 7. Nbd2 Nbd7 8. h3 c5 9. Be2 cxd4 10. exd4 dxc4 11. Nxc4 Nb6 12. O-O Bf5 13. Qb3 Be6 14. Rfd1 Bxc4 15. Bxc4 Nxc4 16. Qxc4 Qd5 17. Qa4 a6 18. Rac1 Rac8 19. Qa3 e6 20. Qb4 Rc6 21. Rxc6 Qxc6 22. Rc1 Qd5 23. a3 b5 24. Be5 Qa8 25. Qc3 Nd5 26. Qc6 Bh6 27. Rc2 Qxc6 28. Rxc6 Ra8 29. Bd6 Bf8 30. Bg3 Ne7 31. Rc7 Nd5 32. Rb7 f6 33. Kf1 Rc8 34. Ra7 Rc2 35. b4 Ra2 36. Rxa6 Bxb4 37. Ra8+ Kf7 38. Rb8 Bxa3 39. Rxb5 Ra1+ 40. Ne1 Rd1 41. Rb7+ Be7 42. Bd6 Rxd4 43. Bxe7 Nxe7 44. Nf3 Rd5 45. h4 h5 46. g3 e5 47. Ke2 Ke6 48. Nd2 Rd7 49. Rb6+ Rd6 50. Rb3 Nc6 51. Rb7 Nd4+ {Kf1f5 [%clk 0:21:52] Nb3*} 1/2-1/2

[Event "NOR-ch 2018"]
[Site "Moss"]
[Date "2018.07.08"]
[Round "3"]
[White "Haug, Johannes"]
[Black "Moen, Andreas G R"]
[Result "0-1"]
[WhiteElo "2403"]
[BlackElo "2317"]
[Annotator "ChessBase"]
[PlyCount "120"]
[EventDate "2018.07.06"]
[EventCountry "NOR"]
[SourceTitle "playchess.com"]
[Source "ChessBase"]
[SourceQuality "1"]

1. d4 Nf6 2. c4 e6 3. Nf3 d5 4. Nc3 c6 5. e3 Nbd7 6. Qc2 Bd6 7. Bd3 O-O 8. O-O dxc4 9. Bxc4 a6 10. e4 e5 11. Rd1 Qc7 12. h3 exd4 13. Nxd4 Re8 14. Nf5 Bh2+ 15. Kh1 Nb6 16. Bd3 Bxf5 17. exf5 Bf4 18. g3 Bxc1 19. Raxc1 Rad8 20. Kg2 Nbd5 21. Nxd5 Rxd5 22. Be2 Qa5 23. Bc4 Rxd1 24. Rxd1 Rd8 25. Qc3 Qc7 26. Re1 b5 27. Be2 Re8 28. Bf3 Rxe1 29. Qxe1 c5 30. g4 h6 31. Qe3 Kf8 32. h4 Qd6 33. Kf1 Nd7 34. Qe4 Ne5 35. Be2 Qc6 36. f3 Qxe4 37. fxe4 f6 38. Kf2 Ke7 39. Ke3 Kd6 40. b3 Kc6 41. Kd2 Kd6 42. Ke3 Kc6 43. Kd2 Kc7 44. Ke3 Kd6 45. Bd1 c4 46. bxc4 Nxc4+ 47. Kd4 Ne5 48. a4 bxa4 49. Bxa4 Nxg4 50. Bd1 Ne5 51. Ba4 a5 52. h5 Nd7 53. Bb3 Nc5 54. Bc4 a4 55. Bb5 a3 56. Bc4 Nd7 57. Bd5 Nb8 58. Kc3 Ke5 59. Kb3 Na6 60. Kxa3 Nc5 0-1

[Event "NOR-ch 2018"]
[Site "Moss"]
[Date "2018.07.08"]
[Round "3"]
[White "Mihajlov, Sebastian"]
[Black "Tallaksen, Levi Andre"]
[Result "1/2-1/2"]
[WhiteElo "2385"]
[BlackElo "2298"]
[Annotator "NA"]
[PlyCount "95"]
[EventDate "2018.07.06"]
[EventCountry "NOR"]
[SourceTitle "playchess.com"]
[Source "ChessBase"]
[SourceQuality "1"]

1. e4 e5 2. Nf3 Nc6 3. Bc4 Bc5 4. O-O Nf6 5. d3 O-O 6. a4 d6 {LiveBook: 25 Games} 7. c3 a5 8. Bg5 {C54: Giuoco Piano: 4 c3 Nf6, main lines with 5 d4 and 5 d3} h6 9. Bh4 g5 10. Bg3 Bg4 (10... Ba7 11. Na3 Bg4 12. Kh1 Kg7 13. Nc2 d5 14. exd5 Nxd5 {0-1 (37) Xiong,J (2665)-Robson,R (2660) Saint Louis 2018}) 11. Nbd2 Nh5 12. Re1 $146 ({Predecessor:} 12. Kh1 Nf4 13. Bxf4 gxf4 14. h3 Bh5 15. g4 Bg6 {½-½ (31) Perske,T (2377)-Venkatesh,M (2450) Vlissingen 2016}) 12... Qd7 13. Nf1 Nf4 14. Ne3 Rad8 15. h3 Bxf3 16. Qxf3 Ne7 {[#]} (16... Bxe3 $16 17. fxe3 d5) 17. Ng4 (17. d4 $1 $18 {[%cal Rd4c5][%mdl 512]} Bb6 (17... exd4 18. Ng4) 18. dxe5 dxe5 19. Ng4) 17... Kg7 18. d4 f5 19. exf5 Rxf5 20. Qxb7 Bb6 21. dxe5 d5 22. Rad1 Qe6 {[#]} 23. Nf6 (23. Kh2 $1 $18) 23... Rxe5 24. Nh5+ Kf8 $16 (24... Kg6 $11 {remains equal.} 25. Rxe5 Qxe5 26. Nxf4+ gxf4 $14 27. Bd3+ Kf7) 25. Rxe5 Qxe5 26. Bd3 Nf5 27. Bxf5 Qxf5 28. Qc6 Rd6 29. Qa8+ Kf7 30. Qe8+ Kxe8 31. Ng7+ Kf7 32. Nxf5 Rf6 33. Bxf4 Bxf2+ 34. Kxf2 Rxf5 35. Rd4 Ke6 36. g4 Rf8 37. c4 c6 38. cxd5+ cxd5 39. Kg3 gxf4+ 40. Rxf4 Rb8 41. Rf5 Rb3+ 42. Kh4 d4 43. Rxa5 d3 44. Ra8 Ke7 45. Ra7+ Ke6 46. Ra8 Ke7 47. Ra5 Kd6 48. Ra8 1/2-1/2

[Event "NOR-ch 2018"]
[Site "Moss"]
[Date "2018.07.08"]
[Round "3"]
[White "Aulin-Jansson, Joran"]
[Black "Eriksen, Terje"]
[Result "0-1"]
[WhiteElo "2328"]
[BlackElo "2119"]
[Annotator "NA"]
[PlyCount "94"]
[EventDate "2018.07.06"]
[EventCountry "NOR"]
[SourceTitle "playchess.com"]
[Source "ChessBase"]
[SourceQuality "1"]

1. e4 e6 2. d3 c5 3. g3 Nc6 4. Bg2 g6 5. Nc3 Bg7 6. Be3 d6 {LiveBook: 910 Games} 7. Qd2 Rb8 8. f4 Nge7 9. Nge2 {B26: Closed Sicilian: 3 g3, lines with early Be3} (9. Nf3 b5 10. a3 a5 11. Nd1 b4 12. axb4 axb4 13. h4 h5 14. O-O O-O 15. Rb1 Ra8 16. Nf2 Ra2 17. d4 {½-½ (39) Seirawan,Y (2643)-Karpov,A (2615) Saint Louis 2012}) 9... Nd4 10. Nd1 d5 11. c3 Nxe2 12. Qxe2 d4 13. Bd2 e5 $146 ({Predecessor:} 13... dxc3 14. bxc3 b6 15. O-O Ba6 16. Rf3 Qd7 {1-0 (33) Majstorovic,D-Elieff,K London,Canada 1993}) 14. cxd4 cxd4 15. O-O O-O 16. Nf2 f6 17. fxe5 fxe5 18. Ng4 Be6 19. Rxf8+ Qxf8 20. Rf1 Qc8 21. Nh6+ Kh8 22. Nf7+ Bxf7 23. Rxf7 Qe6 $11 24. Rf1 Qxa2 25. Qg4 Rf8 26. Bg5 Rxf1+ 27. Bxf1 Qf7 28. Qd7 Bf6 29. Bh6 Qb3 30. h4 Ng8 31. Bg5 Bxg5 32. hxg5 Qb4 33. Bh3 Qe1+ 34. Kh2 Qd2+ 35. Bg2 Qxg5 36. Qxb7 Qe7 37. Qc8 Kg7 38. Bh3 Nf6 39. Be6 h5 40. Bc4 Ng4+ 41. Kh3 Qf6 42. Be6 Ne3 43. Qg8+ Kh6 44. Qf7 Qxf7 45. Bxf7 Nd1 46. Bc4 Nxb2 47. Ba6 Na4 0-1

[Event "NOR-ch 2018"]
[Site "Moss"]
[Date "2018.07.08"]
[Round "3"]
[White "Risting, Eivind Olav"]
[Black "Fossan, Andreas"]
[Result "1-0"]
[WhiteElo "2317"]
[BlackElo "2020"]
[Annotator "NA"]
[PlyCount "67"]
[EventDate "2018.07.06"]
[EventCountry "NOR"]
[SourceTitle "playchess.com"]
[Source "ChessBase"]
[SourceQuality "1"]

1. c4 Nf6 2. Nc3 e6 3. Nf3 d5 4. d4 Be7 5. Bf4 O-O 6. a3 c6 7. e3 Nbd7 8. cxd5 exd5 9. h3 a5 {D35: Queen's Gambit Declined: Exchange Variation} 10. Bd3 Re8 11. O-O Nf8 12. Bh2 Ng6 $146 ({Predecessor:} 12... Ne6 13. Qc2 g6 14. Rab1 Ng7 15. b4 Bf5 16. Ne5 {½-½ (35) Kretchetov,A (2264)-Ke,I (2201) Las Vegas 2017}) 13. Ne5 Bd6 14. f4 Bd7 15. Kh1 c5 16. Nxd7 Nxd7 17. f5 Bxh2 18. fxg6 hxg6 19. Kxh2 c4 $18 20. Bc2 Nf6 21. Qf3 Ra6 22. Rae1 Rae6 23. Kh1 g5 24. Qf5 Rxe3 25. Rxe3 Rxe3 26. Qxg5 Qe7 27. Nxd5 Nxd5 28. Qxd5 c3 29. Bg6 Re1 30. Qxf7+ Kh8 31. Qxe7 Rxf1+ 32. Kh2 cxb2 33. Qe8+ Rf8 34. Qxf8# 1-0

[Event "NOR-ch 2018"]
[Site "Moss"]
[Date "2018.07.08"]
[Round "3"]
[White "Tryggestad, Andreas Garberg"]
[Black "Skotheim, Andreas"]
[Result "0-1"]
[WhiteElo "2302"]
[BlackElo "2109"]
[Annotator "NA"]
[PlyCount "104"]
[EventDate "2018.07.06"]
[EventCountry "NOR"]
[SourceTitle "playchess.com"]
[Source "ChessBase"]
[SourceQuality "1"]

1. d4 Nf6 2. c4 e6 3. Nf3 d5 4. Nc3 dxc4 5. Qa4+ c6 6. Qxc4 b5 7. Qb3 a6 8. g3 {D43: Semi-Slav: 5 Bg5 h6} (8. Bg5 c5 9. dxc5 Bxc5 10. Ne4 Be7 11. Rd1 Nd5 12. Bxe7 Qxe7 13. e3 O-O 14. Bd3 Nd7 15. O-O Bb7 16. Bb1 {½-½ (16) Werle,J (2582)-Smeets,J (2604) Groningen 2008}) 8... c5 9. dxc5 Bxc5 10. Bg2 Ra7 $146 ({Predecessor:} 10... O-O 11. Ne5 Ra7 12. Nd3 Bd4 13. a4 Bb7 14. Bxb7 Rxb7 15. axb5 axb5 16. O-O Qb6 17. Bg5 Nbd7 18. Bxf6 Nxf6 19. Nb4 Qc5 20. e3 {½-½ (20) Horvath,G (2435)-Vegh,E (2380) Hungary 1994}) 11. O-O O-O 12. a4 b4 13. Nd1 Nbd7 14. a5 Bb7 15. Ne3 Qe7 16. Qa2 (16. Nc4 $11 {keeps the balance.}) 16... Rc8 17. b3 Ne4 18. Nc4 Bd5 19. Bb2 Bxc4 20. bxc4 Rac7 21. Rac1 Ba7 22. e3 Nd6 23. Nd2 Nc5 24. Qb1 e5 25. Bd5 e4 26. Qa1 Nf5 27. Rb1 Re8 28. Kh1 h5 29. Bd4 Nxd4 30. exd4 Ne6 $11 31. c5 Rd8 32. Bxe6 Qxe6 33. Rfe1 Bxc5 34. Rxe4 Qd5 35. Kg1 Bxd4 36. Qa4 Bxf2+ 37. Kxf2 Qxd2+ 38. Re2 Qd4+ 39. Kg2 Qd5+ 40. Kg1 Rc4 41. Rbe1 Kh7 42. Qb3 Qd3 43. Qa2 b3 44. Qa3 Rc2 45. Qe7 Rd7 46. Qg5 Qd4+ 47. Kf1 Qd5 48. Qf4 Qh1+ 49. Kf2 Qxh2+ 50. Kf3 Rxe2 51. Rxe2 Rd3+ 52. Re3 Qh1+ 0-1

[Event "NOR-ch 2018"]
[Site "Moss"]
[Date "2018.07.08"]
[Round "3"]
[White "Ranaldi, Lucas"]
[Black "Grundekjøn, Christian"]
[Result "1/2-1/2"]
[WhiteElo "2289"]
[BlackElo "2100"]
[Annotator "NA"]
[PlyCount "119"]
[EventDate "2018.07.06"]
[EventCountry "NOR"]
[SourceTitle "playchess.com"]
[Source "ChessBase"]
[SourceQuality "1"]

1. c4 e5 2. g3 Nf6 3. Bg2 Nc6 4. Nc3 Bc5 5. Nf3 O-O 6. O-O d6 7. a3 a6 {A29: English Opening: Four Knights Variation with 4 g3} 8. e3 h6 9. d4 (9. b4 Ba7 10. d3 Bf5 11. Bb2 Qd7 12. Qc2 Ne7 13. Ne4 Nh7 14. c5 Rac8 15. Rac1 Ng6 {1-0 (34) Eljanov,P (2711)-Tregubov,P (2575) Riadh 2017}) 9... exd4 10. exd4 $146 ({Predecessor:} 10. Nxd4 Bxd4 11. exd4 Bf5 12. b4 Rb8 13. Be3 Qd7 14. Qd2 Rfe8 15. Rfe1 {0-1 (35) Varezhkin,V (2131)-Alieva,V (1524) Zelenograd 2014}) 10... Ba7 11. h3 Ne7 12. b4 c6 13. Bf4 Ng6 14. Be3 d5 15. c5 Bf5 16. Ne5 Nxe5 17. dxe5 Ne4 18. Ne2 Ng5 19. g4 Bh7 20. f4 Ne4 21. Bd4 b6 22. cxb6 Bxb6 23. Rc1 Rc8 24. Bxb6 Qxb6+ 25. Qd4 Qb5 26. Nc3 Nxc3 27. Rxc3 Be4 28. Bxe4 dxe4 29. Qxe4 $16 a5 30. Rc5 Qb6 31. f5 axb4 32. axb4 Rfe8 33. e6 Qc7 34. Kg2 Qd6 35. exf7+ Kxf7 36. Qc4+ Kf8 37. Rf2 Re3 38. Qf4 Qxf4 39. Rxf4 Rb3 40. Rfc4 Rb8 41. Rxc6 R3xb4 42. Rc8+ Rxc8 43. Rxc8+ Kf7 44. Rc7+ Kf6 45. Rc6+ Kf7 46. Rc3 Rb6 47. Kg3 Kf6 48. Kh4 g6 49. Rc5 gxf5 50. gxf5 Rb3 51. Kg4 h5+ 52. Kh4 Rf3 53. Rc6+ Kxf5 54. Rh6 Rb3 55. Ra6 Rc3 56. Ra5+ Kg6 57. Rg5+ Kh6 58. Rxh5+ Kg6 59. Rg5+ Kh6 60. Rg4 1/2-1/2

[Event "NOR-ch 2018"]
[Site "Moss"]
[Date "2018.07.08"]
[Round "3"]
[White "Lund, Gunnar"]
[Black "Fossan, Benjamin"]
[Result "1-0"]
[WhiteElo "2216"]
[BlackElo "1965"]
[Annotator "NA"]
[PlyCount "115"]
[EventDate "2018.07.06"]
[EventCountry "NOR"]
[SourceTitle "playchess.com"]
[Source "ChessBase"]
[SourceQuality "1"]

1. e4 c5 2. Nf3 Nc6 3. Bb5 g6 4. Bxc6 bxc6 5. O-O Bg7 6. Re1 Nh6 7. c3 O-O 8. h3 f6 9. d4 cxd4 10. cxd4 Nf7 11. Nc3 d6 12. Qc2 e5 {B31: Sizilianisch (Rossolimo-Variante)} 13. Be3 Qe7 14. Rad1 Bb7 $146 ({Vorgänger:} 14... Be6 15. b3 Rfd8 16. dxe5 fxe5 17. Na4 Rac8 18. Rc1 Qb7 19. Ng5 Nxg5 20. Bxg5 {½-½ (72) Rook,D (2448)-Cutillas Ripoll,P (2448) ICCF email 2012}) 15. Nd2 a6 16. Nc4 Rac8 17. Qb3 Rfd8 18. dxe5 dxe5 19. Na5 Ba8 20. Qc4 Kh8 21. Bc5 Qe8 22. Qxa6 Ng5 23. Qc4 f5 24. f3 f4 25. b4 Ne6 26. Nb3 g5 27. Bb6 Rxd1 28. Rxd1 c5 29. Bxc5 Bf8 30. Nd5 Nxc5 31. bxc5 Qg6 32. Nb6 (32. Qc3 $142) 32... Bxc5+ 33. Nxc5 Qxb6 34. Rc1 h5 $18 (34... Qd6 {ist wohl besser.} 35. a4 h5) 35. Qb3 Qd6 36. Qd3 Qg6 37. Qd7 Rg8 38. Qe6 Qg7 39. Na6 Qa7+ 40. Kh2 Qg7 41. Rc7 Qg6 42. Qxe5+ Rg7 43. Rc8+ Kh7 44. Rxa8 g4 45. hxg4 hxg4 46. fxg4 Qxg4 47. Qf5+ Rg6 48. Qxg4 Rxg4 49. Nc5 Kg7 50. Nd3 Kf6 51. Rf8+ Ke6 52. Rxf4 Rg5 53. Rf5 Rg4 54. Kh3 Rg8 55. g4 Ra8 56. a4 Kd6 57. a5 Re8 58. Re5 1-0